UM Logo

Measurement methods for high-frequency characterizations of permeability, permittivity, and core loss of mn-zn ferrite cores / (Record no. 21514)

MARC details
000 -LEADER
fixed length control field 01105nam a22002537a 4500
003 - CONTROL NUMBER IDENTIFIER
control field OSt
005 - DATE AND TIME OF LATEST TRANSACTION
control field 20250408085531.0
008 - FIXED-LENGTH DATA ELEMENTS--GENERAL INFORMATION
fixed length control field 240911b ||||| |||| 00| 0 eng d
040 ## - CATALOGING SOURCE
Transcribing agency 0
082 ## - DEWEY DECIMAL CLASSIFICATION NUMBER
Classification number DPer 621.317 Ie21 December 2022 v.37 n. 12 part 1&2.
100 ## - MAIN ENTRY--PERSONAL NAME
Personal name Kacki, Marcin.
Relator term author.
9 (RLIN) 60740
245 ## - TITLE STATEMENT
Title Measurement methods for high-frequency characterizations of permeability, permittivity, and core loss of mn-zn ferrite cores /
Statement of responsibility, etc. Marcin Kacki, Marek S. Rylko, John G. Hayes, and Charles R. Sullivan.
260 ## - PUBLICATION, DISTRIBUTION, ETC. (IMPRINT)
Place of publication, distribution, etc. New York ;
Name of publisher, distributor, etc. The Institute of Electrical and Electronics Engineers, Inc.,
Date of publication, distribution, etc. December 2022.
300 ## - PHYSICAL DESCRIPTION
Extent volume 37, pages 15152-15162,
Other physical details illustration.
500 ## - GENERAL NOTE
General note IEEE Transactions on Power Electronics, v. 37 n. 12, pages 15152-15162, December 2022.
650 #0 - SUBJECT ADDED ENTRY--TOPICAL TERM
Topical term or geographic name as entry element Ferrites.
9 (RLIN) 66215
650 #0 - SUBJECT ADDED ENTRY--TOPICAL TERM
Topical term or geographic name as entry element magnetic losses.
9 (RLIN) 66216
650 #0 - SUBJECT ADDED ENTRY--TOPICAL TERM
Topical term or geographic name as entry element permittivity.
9 (RLIN) 66217
700 ## - ADDED ENTRY--PERSONAL NAME
Personal name Kacki, Marcin.
Relator term author.
9 (RLIN) 60740
700 ## - ADDED ENTRY--PERSONAL NAME
Personal name Rylko, Marek S.
Relator term author.
9 (RLIN) 60741
700 ## - ADDED ENTRY--PERSONAL NAME
Personal name Hayes, John G.
Relator term author.
9 (RLIN) 60742
700 ## - ADDED ENTRY--PERSONAL NAME
Personal name Sullivan, Charles R.
Relator term author.
9 (RLIN) 60743
942 ## - ADDED ENTRY ELEMENTS (KOHA)
Source of classification or shelving scheme Dewey Decimal Classification
Koha item type Periodicals
Holdings
Withdrawn status Lost status Source of classification or shelving scheme Damaged status Not for loan Collection code Home library Current library Date acquired Total Checkouts Full call number Date last seen Price effective from Koha item type Public note
    Dewey Decimal Classification     Periodicals UM Digos College - LIC UM Digos College - LIC 09/11/2024   DPer 621.317 Ie21 December 2022 v.37 n. 12 part 1&2. 09/11/2024 09/11/2024 Periodicals Periodical Article